[Event "FRA-chT2 0405"]
[Site "France"]
[Date "2005.03.12"]
[Round "8.9"]
[White "Bassard, Edouard"]
[Black "Stambouliyan, Pascal"]
[Result "1-0"]
[WhiteElo "1874"]
[BlackElo "1410"]
[PlyCount "51"]
[EventDate "2004.10.10"]
[EventType "team"]
[EventRounds "11"]
[EventCountry "FRA"]
[SourceTitle "EXT 2006"]
[Source "ChessBase"]
[SourceDate "2005.11.24"]
[SourceVersion "1"]
[SourceVersionDate "2005.11.24"]
[SourceQuality "1"]
[WhiteTeam "Echiquier Nicois  II"]
[BlackTeam "Vitrolles"]
[WhiteTeamCountry "FRA"]
[BlackTeamCountry "FRA"]

1. e4 c5 2. Nf3 d6 3. Bb5+ Bd7 4. Bxd7+ Nxd7 5. 0-0 g6 6. d4 Bg7 7. Be3 b6 8. Re1 Ngf6 9. Nc3 0-0 10. h3 a6 11. Qd2 Rc8 12. e5 dxe5 13. dxe5 Ne8 14. Rad1 Rc7 15. e6 fxe6 16. Ng5 Bxc3 17. bxc3 Rf6 18. Bf4 Qc8 19. Bxc7 Qxc7 20. Qxd7 Qf4 21. Qxe8+ Kg7 22. Nxe6+ Rxe6 23. Rxe6 Qf5 24. Qxe7+ Kh6 25. Qh4+ Kg7 26. Rd7+ 1-0